<?xml version="1.0" encoding="UTF-8"?>
<record
    xmlns:xsi="http://www.w3.org/2001/XMLSchema-instance"
    xsi:schemaLocation="http://www.loc.gov/MARC21/slim http://www.loc.gov/standards/marcxml/schema/MARC21slim.xsd"
    xmlns="http://www.loc.gov/MARC21/slim">

  <leader>00921nam a2200145   4500</leader>
  <controlfield tag="008">320.540.910.71 A935m</controlfield>
  <datafield tag="020" ind1=" " ind2=" ">
    <subfield code="a">9789592604384</subfield>
  </datafield>
  <datafield tag="082" ind1=" " ind2=" ">
    <subfield code="a">320.540.910.71</subfield>
    <subfield code="b">A935m</subfield>
  </datafield>
  <datafield tag="100" ind1=" " ind2=" ">
    <subfield code="a">Austin, David</subfield>
    <subfield code="9">6288</subfield>
  </datafield>
  <datafield tag="245" ind1=" " ind2=" ">
    <subfield code="a">Miedo a una naci&#xF3;n negra:</subfield>
    <subfield code="b">Raza, sexo, y seguridad en el Montreal de los a&#xF1;os sesenta</subfield>
  </datafield>
  <datafield tag="260" ind1=" " ind2=" ">
    <subfield code="a">La Habana</subfield>
    <subfield code="b">Casa de las Am&#xE9;ricas</subfield>
    <subfield code="c">2014</subfield>
  </datafield>
  <datafield tag="300" ind1=" " ind2=" ">
    <subfield code="a">271 p.</subfield>
    <subfield code="c">21 x 14 cm</subfield>
  </datafield>
  <datafield tag="505" ind1=" " ind2=" ">
    <subfield code="t">Un nuevo comienzo y la pervivencia de la esclavitud</subfield>
    <subfield code="t">A&#xFA;n prosigue la b&#xFA;squeda del Atl&#xE1;ntico Negro </subfield>
    <subfield code="t">Viejos fantasmas y el mito de las dos soledades</subfield>
    <subfield code="t">N&#xE8;gres blancs, n&#xE8;gres noirs [negros blancos, negros negros]</subfield>
    <subfield code="t">Almas gemelas y Estado duppy</subfield>
    <subfield code="t">Etre et noir-Ser y negrura. Memoria y congreso</subfield>
    <subfield code="t">D&#xED;as para recordar: las narrativas sobre el Incidente de Sir George Williams</subfield>
    <subfield code="t">Miedo a un planeta negro</subfield>
    <subfield code="t">Sigue siendo un problema</subfield>
  </datafield>
  <datafield tag="650" ind1=" " ind2=" ">
    <subfield code="x">negros</subfield>
    <subfield code="x">participaci&#xF3;n pol&#xED;tica</subfield>
    <subfield code="x">Montreal</subfield>
    <subfield code="x">siglo XX</subfield>
    <subfield code="x">historia</subfield>
    <subfield code="x">poder negro</subfield>
    <subfield code="9">6289</subfield>
  </datafield>
  <datafield tag="999" ind1=" " ind2=" ">
    <subfield code="c">1448</subfield>
    <subfield code="d">1448</subfield>
  </datafield>
  <datafield tag="952" ind1=" " ind2=" ">
    <subfield code="0">0</subfield>
    <subfield code="1">0</subfield>
    <subfield code="2">ddc</subfield>
    <subfield code="4">0</subfield>
    <subfield code="7">0</subfield>
    <subfield code="a">LV</subfield>
    <subfield code="b">LV</subfield>
    <subfield code="c">Literatura</subfield>
    <subfield code="d">2018-05-17</subfield>
    <subfield code="l">0</subfield>
    <subfield code="o">320.540.910.71 A935m</subfield>
    <subfield code="p">004514</subfield>
    <subfield code="r">2018-05-17 00:00:00</subfield>
    <subfield code="w">2018-05-17</subfield>
    <subfield code="y">01</subfield>
  </datafield>
</record>
